000 00606nam a2200205 i 4500
001 88654
003 ES-MaACL
005 20230906175911.0
007 t|
008 050105s1928 fr ||||1| fre d
100 1 _aLang, E. B.
_969999
245 1 3 _aLe theme allemand aux examens et aux concours d'admission aux ecoles speciales /
_cpar E.B. Lang.
250 _a4eme ed.
260 _aParis :
_b[s.n.,
_c1928] (
_fPolyglot Press)
300 _a2 v. ;
_c23 cm.
490 1 _aTextes et traductions
830 0 _aTextes et traductions
_9184063
852 _aES-MaACL
_jA-3257-58
999 _c88654
_d88654